| 000 | 01540nam a2200481 i 4500 | ||
|---|---|---|---|
| 001 | 55740 | ||
| 003 | KOSZ 005 | ||
| 005 | 20210111100742.0 | ||
| 008 | 071031s2007 pl a f f |001 0 pol | ||
| 015 | _aPB 2007/26718 | ||
| 020 | _a9788372448880 | ||
| 035 | _a(OCoLC)749872046 | ||
| 040 |
_aWA N _cWA N |
||
| 046 | _k2007 | ||
| 080 | _a311 | ||
| 080 | _a519.2 | ||
| 080 | _a004.42 | ||
| 080 | _a004.67 | ||
| 080 | _a(075.8) | ||
| 100 | 1 |
_aParlińska, Maria. _eAutor |
|
| 245 | 1 | 0 |
_aBadania statystyczne z Excelem / _cMaria Parlińska, Jacek Parliński. |
| 250 | _aWydanie 2 poprawione i uzupełnione. | ||
| 260 |
_aWarszawa : _bWydawnictwo SGGW, _c2007. |
||
| 300 |
_a223 stron : _bilustracje ; _c24 cm. |
||
| 336 |
_2rdacontent _aTekst _btxt |
||
| 337 |
_2rdamedia _aBez urządzenia pośredniczącego _bn |
||
| 338 |
_2rdacarrier _aWolumin _bnc |
||
| 380 | _aKsiążki | ||
| 380 | _aPublikacje dydaktyczne | ||
| 385 |
_mPoziom nauczania _aSzkoły wyższe |
||
| 388 | _a2001- | ||
| 504 | _aBibliografia : strony 214-219. Indeks. | ||
| 650 | 4 | _aProgramy komputerowe | |
| 658 | _aInformatyka i technologie informacyjne | ||
| 655 | 4 | _aPodręczniki akademickie | |
| 650 | 4 | _aArkusz kalkulacyjny | |
| 650 | 4 | _aStatystyka | |
| 650 | 4 | _aExcel | |
| 700 | 1 |
_aParliński, Jacek. _eAutor |
|
| 710 | 2 |
_aWydawnictwo SGGW _4pbl. |
|
| 856 |
_uhttp://koha.tu.koszalin.pl/cgi-bin/koha/opac-detail.pl?biblionumber=55740 _yKatalog online BPK |
||
| 942 |
_2UKD _cKS |
||
| 999 |
_c55740 _d55740 |
||